000 00393nam a2200169Ia 4500
005 20250423100349.0
008 250422s9999 xx 000 0 und d
020 _a9789784918367
050 _aP 121 .N78/
245 0 _aNSUK texts in general linguistics
260 _aEnugu
260 _bRossen Publications
260 _c2010
300 _a248 p
650 _aLinguistics
942 _cBK
999 _c33084
_d33084